English Football Clubs That Have Won a Major European Trophy - Statistics

General Stats
  • This quiz has been taken 631 times
  • The average score is 11 of 13
Answer Stats
Clubs % Correct
Manchester City
99%
Manchester United
99%
Chelsea
98%
Liverpool
98%
Aston Villa
97%
Tottenham Hotspur
96%
Arsenal
94%
Nottingham Forest
86%
Everton
77%
West Ham United
75%
Newcastle United
68%
Leeds United
65%
Ipswich Town
64%
No matching quizzes found
Score Distribution
Percent of People with Each Score
Percentile by Number Answered
Your Score History
You have not taken this quiz